[Event "4NCL chT 1995/96 3rd"]
[Site "Various"]
[Date "1996.03.17"]
[Round "8.45"]
[White "Turner, Matthew J"]
[Black "Anderton, Matthew N"]
[Result "1-0"]
[WhiteElo "2400"]
[BlackElo "2145"]
[PlyCount "55"]
[EventDate "1995.11.25"]
[EventType "team-tourn"]
[EventRounds "13"]
[EventCountry "GBR"]
[SourceTitle "BritBase"]
[Source "britbase.info"]
[SourceDate "2021.07.30"]
[SourceVersion "1"]
[SourceVersionDate "2021.07.30"]
[SourceQuality "1"]
[WhiteTeam "Midland Monarchs"]
[BlackTeam "Guildford"]
[WhiteTeamCountry "ENG"]
[BlackTeamCountry "ENG"]

1. c4 e5 2. Nc3 Nf6 3. g3 c6 4. Nf3 e4 5. Nd4 d5 6. cxd5 Qb6 7. Nb3 a5 8. d3 a4
9. Nd2 exd3 10. Bg2 a3 11. bxa3 cxd5 12. O-O Nc6 13. exd3 Qa5 14. Bb2 Be7 15.
Nb3 Qd8 16. d4 O-O 17. Nc5 Na5 18. Re1 Nc4 19. Bc1 Bxc5 20. dxc5 d4 21. Ne4 d3
22. Bg5 d2 23. Nxd2 Nxd2 24. Qxd2 Qxd2 25. Bxd2 Rxa3 26. c6 Rd3 27. Bb4 Rfd8
28. Be7 1-0

[Event "4NCL chT 1995/96 3rd"]
[Site "Various"]
[Date "1996.03.17"]
[Round "8.51"]
[White "Cooper, John Grantley"]
[Black "Knott, Simon JB"]
[Result "0-1"]
[WhiteElo "2390"]
[BlackElo "2315"]
[PlyCount "51"]
[EventDate "1995.11.25"]
[EventType "team-tourn"]
[EventRounds "13"]
[EventCountry "GBR"]
[SourceTitle "BritBase"]
[Source "britbase.info"]
[SourceDate "2021.07.30"]
[SourceVersion "1"]
[SourceVersionDate "2021.07.30"]
[SourceQuality "1"]
[WhiteTeam "South Wales Dragons"]
[BlackTeam "Hertford"]
[WhiteTeamCountry "ENG"]
[BlackTeamCountry "ENG"]

1. d4 Nf6 2. c4 g6 3. Nc3 d5 4. cxd5 Nxd5 5. e4 Nxc3 6. bxc3 Bg7 7. Be3 Nd7 8.
Nf3 O-O 9. Bd3 b6 10. O-O Bb7 11. e5 Bxf3 12. Qxf3 Nxe5 13. Qe4 Nxd3 14. Qxd3
c5 15. d5 e6 16. d6 Qd7 17. Rad1 Rac8 18. Bg5 f6 19. Bh4 c4 20. Qe2 Rc6 21. Bg3
b5 22. Rd2 Bh6 23. Rb2 a6 24. a4 bxa4 25. Rb4 Rfc8 26. Rxa4 {... 57 moves.
Source: South Wales Dragons} 0-1

[Event "4NCL chT 1995/96 3rd"]
[Site "Various"]
[Date "1996.03.17"]
[Round "8.52"]
[White "Duncan, Christopher R"]
[Black "Cummings, David H"]
[Result "1/2-1/2"]
[WhiteElo "2325"]
[BlackElo "2350"]
[PlyCount "73"]
[EventDate "1995.11.25"]
[EventType "team-tourn"]
[EventRounds "13"]
[EventCountry "GBR"]
[SourceTitle "BritBase"]
[Source "britbase.info"]
[SourceDate "2021.07.30"]
[SourceVersion "1"]
[SourceVersionDate "2021.07.30"]
[SourceQuality "1"]
[WhiteTeam "Hertford"]
[BlackTeam "South Wales Dragons"]
[WhiteTeamCountry "ENG"]
[BlackTeamCountry "ENG"]

1. c4 Nf6 2. Nc3 c5 3. Nf3 e6 4. d4 cxd4 5. Nxd4 Nc6 6. g3 Bb4 7. Bg2 O-O 8.
O-O a6 9. Bf4 d5 10. Rc1 Re8 11. Nxc6 bxc6 12. Qb3 Bd6 13. Bxd6 Qxd6 14. Rfd1
Rb8 15. Qc2 Bd7 16. Rd2 Qb4 17. Nd1 a5 18. a3 Qb3 19. Qxb3 Rxb3 20. Rc3 Reb8
21. Rxb3 Rxb3 22. e4 Kf8 23. exd5 exd5 24. cxd5 cxd5 25. Bxd5 Nxd5 26. Rxd5 Bg4
27. Ne3 Be6 28. Rd2 Ke7 29. Kf1 Rb5 30. Ke2 g5 31. h4 gxh4 32. gxh4 Kf6 33. Kf3
Kg6 34. Kg3 Rb3 35. Rd4 Rxb2 36. Ra4 Rb5 37. Ng2 {Source: South Wales Dragons}
1/2-1/2

[Event "4NCL chT 1995/96 3rd"]
[Site "Various"]
[Date "1996.03.17"]
[Round "8.53"]
[White "Zeidler, Sven P"]
[Black "Hanreck, Alan E"]
[Result "1/2-1/2"]
[WhiteElo "2345"]
[BlackElo "2255"]
[PlyCount "69"]
[EventDate "1995.11.25"]
[EventType "team-tourn"]
[EventRounds "13"]
[EventCountry "GBR"]
[SourceTitle "BritBase"]
[Source "britbase.info"]
[SourceDate "2021.07.30"]
[SourceVersion "1"]
[SourceVersionDate "2021.07.30"]
[SourceQuality "1"]
[WhiteTeam "South Wales Dragons"]
[BlackTeam "Hertford"]
[WhiteTeamCountry "ENG"]
[BlackTeamCountry "ENG"]

1. e4 c5 2. f4 g6 3. d4 Bg7 4. d5 d6 5. Nc3 Na6 6. Nf3 Nc7 7. Bd3 Nf6 8. O-O
O-O 9. a4 b6 10. Qe1 e6 11. dxe6 fxe6 12. e5 Nfd5 13. Ng5 Ne7 14. Qh4 h6 15.
Nge4 dxe5 16. fxe5 Qd4+ 17. Kh1 Rxf1+ 18. Bxf1 g5 19. Nf6+ Bxf6 20. Qxd4 cxd4
21. exf6 Nf5 22. Nb5 Nxb5 23. axb5 Bb7 24. Ra4 Kf7 25. Kg1 e5 26. Bd3 Nd6 27.
h4 gxh4 28. Bxh6 Kxf6 29. c3 Rg8 30. cxd4 Rxg2+ 31. Kf1 h3 32. dxe5+ Kxe5 33.
Rh4 Nf5 34. Bf4+ Kf6 35. Rh8 {Source: South Wales Dragons} 1/2-1/2

[Event "4NCL chT 1995/96 3rd"]
[Site "Various"]
[Date "1996.03.17"]
[Round "8.54"]
[White "Coleman, David J"]
[Black "Morris, Charles F"]
[Result "1/2-1/2"]
[WhiteElo "2255"]
[BlackElo "2200"]
[PlyCount "81"]
[EventDate "1995.11.25"]
[EventType "team-tourn"]
[EventRounds "13"]
[EventCountry "GBR"]
[SourceTitle "BritBase"]
[Source "britbase.info"]
[SourceDate "2021.07.30"]
[SourceVersion "1"]
[SourceVersionDate "2021.07.30"]
[SourceQuality "1"]
[WhiteTeam "Hertford"]
[BlackTeam "South Wales Dragons"]
[WhiteTeamCountry "ENG"]
[BlackTeamCountry "ENG"]

1. e4 e6 2. d4 d5 3. Nc3 Bb4 4. e5 c5 5. a3 Bxc3+ 6. bxc3 Qa5 7. Bd2 cxd4 8.
cxd4 Qa4 9. Nf3 b6 10. h4 Nc6 11. c3 Qxd1+ 12. Kxd1 Na5 13. Kc2 Bd7 14. a4 Rc8
15. Ba6 Rc7 16. Rhb1 Ne7 17. Kd3 Nec6 18. Bc1 Nb8 19. Bb5 a6 20. Bxd7+ Nxd7 21.
Ba3 h6 22. Nd2 Kd8 23. Rb4 Kc8 24. c4 dxc4+ 25. Nxc4 Nxc4 26. Rxc4 Rxc4 27.
Kxc4 Kb7 28. Rc1 Rc8+ 29. Kd3 Rxc1 30. Bxc1 Kc6 31. h5 Kd5 32. Ba3 g6 33. g4
gxh5 34. gxh5 f6 35. f4 b5 36. axb5 axb5 37. Bd6 b4 38. Bxb4 fxe5 39. dxe5
Nxe5+ 40. Ke3 Ng4+ 41. Kf3 1/2-1/2

[Event "4NCL chT 1995/96 3rd"]
[Site "Various"]
[Date "1996.03.17"]
[Round "8.55"]
[White "Spice, Alan P"]
[Black "Swanson, Stephen"]
[Result "0-1"]
[WhiteElo "2190"]
[BlackElo "2250"]
[PlyCount "68"]
[EventDate "1995.11.25"]
[EventType "team-tourn"]
[EventRounds "13"]
[EventCountry "GBR"]
[SourceTitle "BritBase"]
[Source "britbase.info"]
[SourceDate "2021.07.30"]
[SourceVersion "1"]
[SourceVersionDate "2021.07.30"]
[SourceQuality "1"]
[WhiteTeam "South Wales Dragons"]
[BlackTeam "Hertford"]
[WhiteTeamCountry "ENG"]
[BlackTeamCountry "ENG"]

1. Nc3 g6 2. h4 Nf6 3. d4 d6 4. Bg5 Nbd7 5. Qd2 h6 6. Bxf6 Nxf6 7. O-O-O c6 8.
f3 Qa5 9. Kb1 Nd5 10. Nxd5 Qxd2 11. Nf6+ exf6 12. Rxd2 h5 13. e4 Bh6 14. Rd1
O-O 15. Bd3 a5 16. Nh3 a4 17. c3 a3 18. b3 Be6 19. g3 b5 20. Nf4 Bd7 21. c4
bxc4 22. Bxc4 Kg7 23. Ne2 Rfe8 24. Nc3 f5 25. e5 f4 26. exd6 fxg3 27. d5 Re3
28. dxc6 Bf5+ 29. Ne4 Rxf3 30. Bd5 Ra5 31. Rhe1 g2 32. c7 Rxd5 33. Rxd5 Bxe4+
34. Ka1 Kh7 0-1

[Event "4NCL chT 1995/96 3rd"]
[Site "Various"]
[Date "1996.03.17"]
[Round "8.56"]
[White "Byway, Paul V"]
[Black "Williams, Leighton"]
[Result "0-1"]
[WhiteElo "2240"]
[BlackElo "2110"]
[PlyCount "112"]
[EventDate "1995.11.25"]
[EventType "team-tourn"]
[EventRounds "13"]
[EventCountry "GBR"]
[SourceTitle "BritBase"]
[Source "britbase.info"]
[SourceDate "2021.07.30"]
[SourceVersion "1"]
[SourceVersionDate "2021.07.30"]
[SourceQuality "1"]
[WhiteTeam "Hertford"]
[BlackTeam "South Wales Dragons"]
[WhiteTeamCountry "ENG"]
[BlackTeamCountry "ENG"]

1. d4 Nf6 2. Nf3 g6 3. Bf4 Bg7 4. e3 O-O 5. h3 d6 6. Nbd2 Nc6 7. c3 Qe8 8. Bb5
Bd7 9. Be2 Rd8 10. O-O e5 11. dxe5 dxe5 12. Bh2 Qe7 13. Qb3 b6 14. Rfd1 Kh8 15.
Nc4 Ne4 16. Ncd2 Nc5 17. Qa3 f6 18. b4 Ne6 19. Qb3 f5 20. Bb5 e4 21. Bxc7 Nxc7
22. Bxc6 Bxc6 23. Nd4 Bb7 24. a3 h5 25. Rac1 Qf6 26. Qc4 Rc8 27. Qe2 Ba6 28. b5
Bb7 29. g3 Ne6 30. N2b3 Ng5 31. Kg2 Rfd8 32. c4 Bf8 33. a4 Nf7 34. a5 Ne5 35.
a6 Ba8 36. h4 Nd3 37. Rc2 Rc7 38. Kg1 Rdc8 39. Nd2 Bc5 40. N4b3 Kg7 41. f4 Rd8
42. Nf1 Rcd7 43. Rb1 Nb4 44. Rcb2 Qe7 45. Rd2 Rd3 46. Kg2 R8d6 47. Rdb2 Rc3 48.
Nbd2 Rdd3 49. Rb3 Na2 50. R3b2 Nc1 51. Qd1 Bxe3 52. Nxe3 Rxe3 53. Rxc1 Rxg3+
54. Kf1 Qc5 55. Rxc3 Qg1+ 56. Ke2 Rg2# {Source: South Wales Dragons} 0-1

[Event "4NCL chT 1995/96 3rd"]
[Site "Various"]
[Date "1996.03.17"]
[Round "8.58"]
[White "Forbes, Cathy"]
[Black "Richmond, Jane"]
[Result "0-1"]
[WhiteElo "2125"]
[BlackElo "2180"]
[PlyCount "132"]
[EventDate "1995.11.25"]
[EventType "team-tourn"]
[EventRounds "13"]
[EventCountry "GBR"]
[SourceTitle "BritBase"]
[Source "britbase.info"]
[SourceDate "2021.07.30"]
[SourceVersion "1"]
[SourceVersionDate "2021.07.30"]
[SourceQuality "1"]
[WhiteTeam "Hertford"]
[BlackTeam "South Wales Dragons"]
[WhiteTeamCountry "ENG"]
[BlackTeamCountry "ENG"]

1. d4 Nf6 2. Nf3 g6 3. Nbd2 d5 4. e3 Bg7 5. c4 O-O 6. Be2 a5 7. O-O c6 8. b3
Bg4 9. Bb2 Nbd7 10. Rc1 a4 11. b4 a3 12. Bc3 dxc4 13. Nxc4 Nb6 14. Na5 Ra7 15.
Be1 Qd5 16. Ne5 Bxe2 17. Qxe2 Na4 18. f3 Nb2 19. Nec4 b5 20. Nxa3 Qxa2 21. Bc3
Qxa3 22. Bxb2 Qa2 23. Nxc6 Rc7 24. e4 Nh5 25. Ra1 Qb3 26. Ra3 Nf4 27. Qf2 Qc4
28. Ne5 Qxb4 29. Nd3 Nxd3 30. Rxd3 Rfc8 31. Ba3 Qa4 32. Bc5 Qc4 33. Qd2 Ra8 34.
Rc3 Qe6 35. Rfc1 Ra2 36. R3c2 Rxc2 37. Rxc2 Qb3 38. Rb2 Qc4 39. Qb4 Rxc5 40.
Qxc4 Rxc4 41. Rxb5 Bxd4+ 42. Kf1 Rc1+ 43. Ke2 Rc2+ 44. Kd3 Rxg2 45. Kxd4 Rxh2
46. Rb8+ Kg7 47. Rb7 e6 48. f4 Rf2 49. Ke5 h5 50. Rb3 Re2 51. Rb7 h4 52. Rb3 f5
53. Rb7+ Kh6 54. Kxe6 Rxe4+ 55. Kf6 Ra4 56. Rb8 Ra6+ 57. Ke5 Kh5 58. Kd4 Kg4
59. Rh8 Kg3 60. Ke5 h3 61. Rb8 h2 62. Rb3+ Kg4 63. Rb1 Ra2 64. Kf6 Rg2 65. Rh1
Kh3 66. Ra1 Rg1 {Source: South Wales Dragons} 0-1

[Event "4NCL chT 1995/96 3rd"]
[Site "Various"]
[Date "1996.03.17"]
[Round "8.61"]
[White "Bell, Stephen"]
[Black "Ward, Christopher"]
[Result "1/2-1/2"]
[WhiteElo "2350"]
[BlackElo "2505"]
[PlyCount "67"]
[EventDate "1995.11.25"]
[EventType "team-tourn"]
[EventRounds "13"]
[EventCountry "GBR"]
[SourceTitle "BritBase"]
[Source "britbase.info"]
[SourceDate "2021.07.30"]
[SourceVersion "1"]
[SourceVersionDate "2021.07.30"]
[SourceQuality "1"]
[WhiteTeam "Newcastle"]
[BlackTeam "Wood Green"]
[WhiteTeamCountry "ENG"]
[BlackTeamCountry "ENG"]

1. Nf3 c5 2. c4 g6 3. d4 Bg7 4. e4 cxd4 5. Nxd4 Nc6 6. Be3 Nf6 7. Nc3 Ng4 8.
Qxg4 Nxd4 9. Qd1 Ne6 10. Qd2 Qa5 11. Rc1 b6 12. b3 Bb7 13. f3 d6 14. Nd5 Qxd2+
15. Kxd2 Kd7 16. g3 Nd4 17. Bg2 e6 18. Nc3 h5 19. Rhd1 h4 20. Ke1 e5 21. Kf2 f5
22. f4 hxg3+ 23. hxg3 Rh2 24. Rh1 Rah8 25. Rxh2 Rxh2 26. Kg1 Rh8 27. exf5 Bxg2
28. Kxg2 Nxf5 29. Bf2 exf4 30. gxf4 Re8 31. Kf3 Rh8 32. Kg2 Re8 33. Kf3 Rh8 34.
Kg2 1/2-1/2

[Event "4NCL chT 1995/96 3rd"]
[Site "Various"]
[Date "1996.03.17"]
[Round "8.62"]
[White "Littlewood, Paul E"]
[Black "Ledger, Dave J"]
[Result "1-0"]
[WhiteElo "2445"]
[BlackElo "2270"]
[PlyCount "145"]
[EventDate "1995.11.25"]
[EventType "team-tourn"]
[EventRounds "13"]
[EventCountry "GBR"]
[SourceTitle "BritBase"]
[Source "britbase.info"]
[SourceDate "2021.07.30"]
[SourceVersion "1"]
[SourceVersionDate "2021.07.30"]
[SourceQuality "1"]
[WhiteTeam "Wood Green"]
[BlackTeam "Newcastle"]
[WhiteTeamCountry "ENG"]
[BlackTeamCountry "ENG"]

1. d4 Nf6 2. c4 g6 3. Nc3 Bg7 4. e4 d6 5. Nf3 O-O 6. Be2 e5 7. d5 a5 8. Bg5 h6
9. Bh4 Na6 10. Nd2 Qe8 11. a3 Bd7 12. b3 Nh7 13. Rb1 h5 14. f3 Bh6 15. O-O Be3+
16. Bf2 Bxf2+ 17. Rxf2 Qe7 18. b4 axb4 19. axb4 Qg5 20. Nf1 h4 21. Bd3 Nf6 22.
Qd2 Qxd2 23. Rxd2 Nh5 24. Ne3 Nf4 25. Bf1 f5 26. Ra2 Rab8 27. Ra5 fxe4 28. fxe4
h3 29. g3 Nh5 30. Be2 Rbd8 31. c5 Nb8 32. Nc4 Rf6 33. Rf1 Rxf1+ 34. Bxf1 Na6
35. c6 Bc8 36. cxb7 Bxb7 37. Bxh3 Nf6 38. Ra4 Nd7 39. Na5 Nb6 40. Ra1 Ba8 41.
Rb1 Rf8 42. Bg4 Kg7 43. Nb5 Rb8 44. Rc1 Nxd5 45. exd5 Rxb5 46. Be2 Rxb4 47.
Bxa6 Ra4 48. Rxc7+ Kh6 49. Ra7 Bxd5 50. Be2 Ra1+ 51. Kf2 Rh1 52. h4 Rh2+ 53.
Ke1 Rh3 54. Nc4 Bxc4 55. Bxc4 Rxg3 56. Bg8 Kh5 57. Kf2 Rc3 58. Rh7+ Kg4 59.
Be6+ Kf4 60. Rf7+ Ke4 61. Rf6 Rc2+ 62. Kg3 Rc3+ 63. Kg4 d5 64. Rxg6 d4 65. Bf5+
Kd5 66. Rg8 Kd6 67. h5 Rc1 68. Re8 Rg1+ 69. Kh4 Rf1 70. Kg5 Rg1+ 71. Bg4 Rh1
72. h6 Rh2 73. Bf5 {Source: Paul Littlewood} 1-0

[Event "4NCL chT 1995/96 3rd"]
[Site "Various"]
[Date "1996.03.17"]
[Round "8.72"]
[White "Baker, Chris W"]
[Black "Lalic, Bogdan"]
[Result "1/2-1/2"]
[WhiteElo "2340"]
[BlackElo "2575"]
[PlyCount "33"]
[EventDate "1995.11.25"]
[EventType "team-tourn"]
[EventRounds "13"]
[EventCountry "GBR"]
[SourceTitle "BritBase"]
[Source "britbase.info"]
[SourceDate "2021.07.30"]
[SourceVersion "1"]
[SourceVersionDate "2021.07.30"]
[SourceQuality "1"]
[WhiteTeam "Witney"]
[BlackTeam "Slough"]
[WhiteTeamCountry "ENG"]
[BlackTeamCountry "ENG"]

1. d4 Nf6 2. Nf3 e6 3. c4 b6 4. g3 Ba6 5. b3 b5 6. cxb5 Bxb5 7. Bg2 Bb4+ 8.
Nbd2 d5 9. a3 Be7 10. Qc2 a5 11. Ne5 Nfd7 12. Nd3 Na6 13. Bb2 O-O 14. O-O c5
15. dxc5 Naxc5 16. Nxc5 Bxc5 17. Nf3 1/2-1/2

[Event "4NCL chT 1995/96 3rd"]
[Site "Various"]
[Date "1996.03.17"]
[Round "8.73"]
[White "Hebden, Mark"]
[Black "Cobb, Charles"]
[Result "1-0"]
[WhiteElo "2540"]
[BlackElo "2235"]
[PlyCount "70"]
[EventDate "1995.11.25"]
[EventType "team-tourn"]
[EventRounds "13"]
[EventCountry "GBR"]
[SourceTitle "BritBase"]
[Source "britbase.info"]
[SourceDate "2021.07.30"]
[SourceVersion "1"]
[SourceVersionDate "2021.07.30"]
[SourceQuality "1"]
[WhiteTeam "Slough"]
[BlackTeam "Witney"]
[WhiteTeamCountry "ENG"]
[BlackTeamCountry "ENG"]

1. d4 Nf6 2. Nf3 e6 3. c4 b6 4. g3 Ba6 5. b3 d5 6. Bg2 c5 7. cxd5 exd5 8. Ne5
cxd4 9. O-O Bd6 10. Qxd4 O-O 11. Nc3 Bxe5 12. Qxe5 Nc6 13. Qf4 Rc8 14. Bb2 d4
15. Ne4 Bxe2 16. Rfe1 Nd5 17. Qf5 Nce7 18. Qe5 Nc6 19. Qg5 Qxg5 20. Nxg5 d3 21.
Bxd5 Nb4 22. Bb7 Rc7 23. Be4 Nc2 24. Bxh7+ Kh8 25. Bxd3 Bxd3 26. Rac1 Rc5 27.
Red1 Bg6 28. Nh3 Re8 29. f3 Bf5 30. g4 Bh7 31. Nf4 f6 32. h4 Ne3 33. Re1 Re7
34. Rxc5 bxc5 35. Kf2 g5 1-0

[Event "4NCL chT 1995/96 3rd"]
[Site "Various"]
[Date "1996.03.17"]
[Round "8.75"]
[White "Mortazavi, Ali"]
[Black "Haydon, Richard"]
[Result "1/2-1/2"]
[WhiteElo "2395"]
[BlackElo "2265"]
[PlyCount "102"]
[EventDate "1995.11.25"]
[EventType "team-tourn"]
[EventRounds "13"]
[EventCountry "GBR"]
[SourceTitle "BritBase"]
[Source "britbase.info"]
[SourceDate "2021.07.30"]
[SourceVersion "1"]
[SourceVersionDate "2021.07.30"]
[SourceQuality "1"]
[WhiteTeam "Slough"]
[BlackTeam "Witney"]
[WhiteTeamCountry "ENG"]
[BlackTeamCountry "ENG"]

1. e4 c5 2. c3 d5 3. exd5 Qxd5 4. d4 Nc6 5. Nf3 cxd4 6. cxd4 e5 7. Nc3 Bb4 8.
Bd2 Bxc3 9. Bxc3 e4 10. Ne5 Nxe5 11. dxe5 Ne7 12. Qh5 O-O 13. Qg5 Nc6 14. Rd1
Qxa2 15. Qf4 Be6 16. Qxe4 Rad8 17. Bd3 g6 18. O-O Bf5 19. Bc4 Bxe4 20. Bxa2
Rxd1 21. Rxd1 Rd8 22. Rxd8+ Nxd8 23. f4 Ne6 24. g3 Kf8 25. Kf2 h5 26. Ke3 Bc6
27. Bb4+ Ke8 28. Bb1 Ng7 29. Bd3 Nf5+ 30. Kf2 Bd5 31. h3 Be6 32. Be4 b6 33.
Bc6+ Kd8 34. Bb5 Nd4 35. Bf1 Kd7 36. Bc3 Nf5 37. Bg2 Ne7 38. Bb4 Nd5 39. Bd2
Ne7 40. Bb4 Nd5 41. Bd6 Ne7 42. Bf1 Kd8 43. Kf3 Bd5+ 44. Kf2 Be6 45. Bb4 Nd5
46. Bd2 Ne7 47. Bb4 Nd5 48. Be1 Ne7 49. Kf3 Bd5+ 50. Ke3 Be6 51. Bg2 Kd7
1/2-1/2

[Event "4NCL chT 1995/96 3rd"]
[Site "Various"]
[Date "1996.03.17"]
[Round "8.76"]
[White "Headlong, Timothy"]
[Black "Lalic, Susan"]
[Result "1/2-1/2"]
[WhiteElo "2230"]
[BlackElo "2305"]
[PlyCount "42"]
[EventDate "1995.11.25"]
[EventType "team-tourn"]
[EventRounds "13"]
[EventCountry "GBR"]
[SourceTitle "BritBase"]
[Source "britbase.info"]
[SourceDate "2021.07.30"]
[SourceVersion "1"]
[SourceVersionDate "2021.07.30"]
[SourceQuality "1"]
[WhiteTeam "Witney"]
[BlackTeam "Slough"]
[WhiteTeamCountry "ENG"]
[BlackTeamCountry "ENG"]

1. Nf3 Nf6 2. c4 e6 3. Nc3 Bb4 4. Qc2 c5 5. a3 Ba5 6. e3 O-O 7. Rb1 Nc6 8. Be2
d5 9. Na2 Qe7 10. cxd5 exd5 11. O-O Bg4 12. b4 cxb4 13. axb4 Nxb4 14. Ba3 Nxc2
15. Bxe7 Rfc8 16. Bxf6 gxf6 17. Rxb7 Bxd2 18. h3 Bxf3 19. Bxf3 Rab8 20. Rfb1
Rxb7 21. Rxb7 d4 1/2-1/2

[Event "4NCL chT 1995/96 3rd"]
[Site "Various"]
[Date "1996.03.17"]
[Round "8.77"]
[White "Cubitt, Clive"]
[Black "Cooksey, Paul S"]
[Result "1-0"]
[WhiteElo "2335"]
[BlackElo "2110"]
[PlyCount "81"]
[EventDate "1995.11.25"]
[EventType "team-tourn"]
[EventRounds "13"]
[EventCountry "GBR"]
[SourceTitle "BritBase"]
[Source "britbase.info"]
[SourceDate "2021.07.30"]
[SourceVersion "1"]
[SourceVersionDate "2021.07.30"]
[SourceQuality "1"]
[WhiteTeam "Slough"]
[BlackTeam "Witney"]
[WhiteTeamCountry "ENG"]
[BlackTeamCountry "ENG"]

1. e4 c5 2. c3 Nf6 3. e5 Nd5 4. d4 cxd4 5. cxd4 e6 6. Nf3 b6 7. Nc3 Nxc3 8.
bxc3 Qc7 9. Bd2 Bb7 10. Bd3 Be7 11. O-O d6 12. Re1 Nd7 13. Bg5 dxe5 14. Bxe7
Kxe7 15. Nxe5 Nxe5 16. Rxe5 Rhd8 17. Rc1 Rac8 18. Rc2 h6 19. Qg4 Kf8 20. f4 g6
21. h4 h5 22. Qg5 Qe7 23. Qh6+ Ke8 24. f5 gxf5 25. Bxf5 Bd5 26. Qh8+ Qf8 27.
Qxh5 Rd6 28. Be4 Bxe4 29. Rxe4 Kd7 30. Rf4 f5 31. Qh7+ Qe7 32. Qxe7+ Kxe7 33.
g4 a6 34. gxf5 exf5 35. Rxf5 Rh6 36. h5 Rg8+ 37. Rg2 Rc8 38. Re2+ Kd6 39. Re3
Rc4 40. Rg5 Kd7 41. Re7+ 1-0

[Event "4NCL chT 1995/96 3rd"]
[Site "Various"]
[Date "1996.04.27"]
[Round "9.11"]
[White "O'Shaughnessy, Conor"]
[Black "Conquest, Stuart"]
[Result "1-0"]
[WhiteElo "2240"]
[BlackElo "2540"]
[PlyCount "91"]
[EventDate "1995.11.25"]
[EventType "team-tourn"]
[EventRounds "13"]
[EventCountry "GBR"]
[SourceTitle "BritBase"]
[Source "britbase.info"]
[SourceDate "2021.07.30"]
[SourceVersion "1"]
[SourceVersionDate "2021.07.30"]
[SourceQuality "1"]
[WhiteTeam "Na Fianna"]
[BlackTeam "Bristol"]
[WhiteTeamCountry "ENG"]
[BlackTeamCountry "ENG"]

1. e4 c5 2. Nf3 Nc6 3. c3 d5 4. exd5 Qxd5 5. d4 Bg4 6. Be2 Nf6 7. O-O e6 8. Be3
Be7 9. h3 Bh5 10. dxc5 Qxd1 11. Rxd1 Nd5 12. b4 O-O 13. a3 a5 14. b5 Na7 15. g4
Bg6 16. Bd4 f6 17. c4 Nf4 18. Bf1 Rad8 19. Nc3 Nc8 20. Be3 e5 21. Nd5 Ne6 22.
Nxe7+ Nxe7 23. Rd6 Kf7 24. Rad1 Rc8 25. Rd7 Nxc5 26. Bxc5 Rxc5 27. R1d6 Rb8 28.
Nd2 b6 29. Bg2 Ke8 30. Rb7 Rxb7 31. Bxb7 Nc8 32. Bc6+ Ke7 33. Rd7+ Ke6 34. Rb7
Ne7 35. Bd7+ Kd6 36. Bf5 Bxf5 37. gxf5 Rc7 38. Rxb6+ Kc5 39. Ra6 Nxf5 40. Kf1
Kd4 41. Rxa5 Kc3 42. Ke1 Rd7 43. b6 Nd4 44. Rd5 Re7 45. c5 f5 46. c6 {Source:
BCM, June 1996, p306} 1-0

[Event "4NCL chT 1995/96 3rd"]
[Site "Various"]
[Date "1996.04.27"]
[Round "9.12"]
[White "Beaumont, Chris"]
[Black "Lyell, Mark"]
[Result "1-0"]
[WhiteElo "2330"]
[BlackElo "2270"]
[PlyCount "85"]
[EventDate "1995.11.25"]
[EventType "team-tourn"]
[EventRounds "13"]
[EventCountry "GBR"]
[SourceTitle "BritBase"]
[Source "britbase.info"]
[SourceDate "2021.07.30"]
[SourceVersion "1"]
[SourceVersionDate "2021.07.30"]
[SourceQuality "1"]
[WhiteTeam "Bristol"]
[BlackTeam "Na Fianna"]
[WhiteTeamCountry "ENG"]
[BlackTeamCountry "ENG"]

1. Nf3 g6 2. e4 c6 3. d4 d5 4. Nc3 Nh6 5. Bf4 dxe4 6. Nxe4 Bg7 7. Bc4 Nd7 8. h4
Nb6 9. Bb3 Nd5 10. Be5 f6 11. Bg3 Bg4 12. c4 Qa5+ 13. Qd2 Qxd2+ 14. Nfxd2 Nb6
15. f3 Bf5 16. d5 O-O-O 17. Bf4 Rhe8 18. g4 Bxe4 19. Nxe4 f5 20. Nc5 Bxb2 21.
Rb1 Bc3+ 22. Ke2 Nf7 23. gxf5 gxf5 24. Bc2 Nd6 25. Ne6 Nbxc4 26. Nxd8 Rxd8 27.
dxc6 bxc6 28. Bd3 Be5 29. Bg5 Nb6 30. Bxe7 Re8 31. Bxd6 Bxd6+ 32. Kd2 Re5 33.
Rhg1 Ra5 34. Rb2 Bf4+ 35. Ke2 Nd5 36. Bxf5+ Kc7 37. Bxh7 Be5 38. Rd2 Nc3+ 39.
Kd3 Nxa2 40. Be4 Kd6 41. Kc4+ Kc7 42. Rg6 Ra6 43. Bxc6 1-0

[Event "4NCL chT 1995/96 3rd"]
[Site "Various"]
[Date "1996.04.27"]
[Round "9.13"]
[White "Richardson, John R"]
[Black "Mordue, A Tyson"]
[Result "1-0"]
[WhiteElo "2280"]
[BlackElo "2240"]
[PlyCount "85"]
[EventDate "1995.11.25"]
[EventType "team-tourn"]
[EventRounds "13"]
[EventCountry "GBR"]
[SourceTitle "BritBase"]
[Source "britbase.info"]
[SourceDate "2021.07.30"]
[SourceVersion "1"]
[SourceVersionDate "2021.07.30"]
[SourceQuality "1"]
[WhiteTeam "Na Fianna"]
[BlackTeam "Bristol"]
[WhiteTeamCountry "ENG"]
[BlackTeamCountry "ENG"]

1. d4 Nf6 2. c4 g6 3. Nc3 Bg7 4. Nf3 d6 5. g3 O-O 6. Bg2 Nbd7 7. O-O e5 8. e4
c6 9. h3 Qb6 10. c5 dxc5 11. dxe5 Ne8 12. e6 fxe6 13. Ng5 Ne5 14. f4 c4+ 15.
Kh2 Nd3 16. e5 Nc7 17. Qe2 Nd5 18. Be4 Rf5 19. Bxd3 cxd3 20. Qxd3 Bd7 21. Nce4
c5 22. Nd6 Rxg5 23. fxg5 Bxe5 24. Nc4 Bb5 25. Nxb6 Bxd3 26. Re1 Bxg3+ 27. Kxg3
axb6 28. Rxe6 Bf5 29. Rd6 Nb4 30. Bd2 Nc2 31. Rd1 Nd4 32. Rxb6 Rd8 33. Re1 Nc2
34. Re2 Rd3+ 35. Kf4 Nd4 36. Rf2 Kf7 37. Rxb7+ Ke6 38. Be3 Kd5 39. Bxd4 Rxd4+
40. Kg3 Rd3+ 41. Rf3 Rd2 42. Rxf5+ Kc6 43. Rff7 1-0

[Event "4NCL chT 1995/96 3rd"]
[Site "Various"]
[Date "1996.04.27"]
[Round "9.14"]
[White "Phillips, Roy Jean Noel"]
[Black "McMichael, Richard"]
[Result "1/2-1/2"]
[WhiteElo "2130"]
[BlackElo "2250"]
[PlyCount "37"]
[EventDate "1995.11.25"]
[EventType "team-tourn"]
[EventRounds "13"]
[EventCountry "GBR"]
[SourceTitle "BritBase"]
[Source "britbase.info"]
[SourceDate "2021.07.30"]
[SourceVersion "1"]
[SourceVersionDate "2021.07.30"]
[SourceQuality "1"]
[WhiteTeam "Bristol"]
[BlackTeam "Na Fianna"]
[WhiteTeamCountry "ENG"]
[BlackTeamCountry "ENG"]

1. d4 e6 2. e4 d5 3. Nc3 Be7 4. Bd3 Nf6 5. e5 Nfd7 6. Nce2 b6 7. Nf3 Ba6 8. Be3
c5 9. c4 cxd4 10. Bxd4 Nc5 11. Bxc5 Bxc5 12. cxd5 Qxd5 13. Qa4+ Qd7 14. Qxd7+
Kxd7 15. Be4 Nc6 16. a3 Rac8 17. b4 Be7 18. Rd1+ Ke8 19. Rc1 1/2-1/2